000 00465nam a2200181Ia 4500
005 20250610105817.0
008 008 250505s9999 xx 000 0 eng d
020 _a9789389991260
040 _beng
_cILCL
041 _aeng
_2eng
084 _aZ2,315 R0
100 _aDesai, S.T
_9812341
245 4 _aThe Law of Partnership in India
250 _a8
260 _aHaryana
_bLexis Nexis
_c2020
300 _acxx,615p.
942 _cTB
_2Colon Classification
999 _c1311930
_d1311930